| 000 | 00791cab a2200241 4500 | ||
|---|---|---|---|
| 001 | ABS48435 | ||
| 008 | 090401t1993 xxu||||| |||| 00| 0 eng d | ||
| 035 | _a(Sirsi) u66692 | ||
| 041 | _aeng | ||
| 100 | _aCoomber, M. | ||
| 245 | _aModel answers | ||
| 260 | _c1993 | ||
| 350 | _a0 | ||
| 490 |
_aBuilding _v258(7789) 8 April 1993, 38-39(2) |
||
| 520 | _aWith large numbers of building simulation software packages on the market, skilled analysis is still needed, first to ask the designer the right questions and second, to interpret the answers. | ||
| 650 | _aBUILDING SIMULATION | ||
| 650 | _aCOMPUTER MODELLING | ||
| 650 | _aCOMPUTERS | ||
| 650 | _aSOFTWARE PACKAGES | ||
| 690 | _aMANAGEMENT-BUSINESS MANAGEMENT-INFORMATION MANAGEMENT | ||
| 942 | _n0 | ||
| 948 | _c04/03/1997 | ||
| 999 |
_c41661 _d41661 |
||